00886cam a2200277 i 450000100060000000300080000600500170001400800410003102000150007202000260008703500190011303500230013203500280015503500140018303500150019704000360021204100080024808200230025624501060027925000120038526000510039730000460044850400510049465100280054570000350057328059BD-RjUL20211209051232.0140329s1977 nyua b 001 0 eng d a0155656805 a0155656813(pbk.,pt.1) a BD-RjUL)28140 a(OCoLC)ocm02723494 a(CStRLIN)NYCG17171270-B a(BD-RjUL) a(NNC)26776 aNNCcNNCdCStRLINdBD-RjULbeng aeng04a973bNAT Pt-1 197704aThe National experience :ba history of the United States1877 /cJohn M. Blum ... [et al.].nPart One a4th ed. aNew York :bHarcourt Brace Jovanovich,cc1977. a2 v. (xix, xxi, 905 p.) :bill. ;c26 cm. aIncludes bibliographical references and index. 0aUnited StatesxHistory.1 aBlum, John Morton,d1921-2011.